MARC

LEADER 00000nam0a2200000 4500
001 59180
005 20231031060032.0
010 |a 5778203233 
035 |a (RuTPU)RU\TPU\book\62551 
090 |a 59180 
100 |a 20031222d2003 m y0rusy50 ca 
101 0 |a rus 
102 |a RU 
105 |a a j 001zy 
200 1 |a Основы силовой электроники  |e учебное пособие  |f Г. С. Зиновьев 
205 |a 2-е изд., испр. и доп. 
210 |a Новосибирск  |c Изд-во НГТУ  |d 2003 
215 |a 664 с.  |c ил. 
225 1 |a Учебники НГТУ 
320 |a Библиогр.: с. 629-639. 
320 |a Предметный указатель: с. 640-645. 
320 |a Словарь: с. 646-651. 
610 1 |a силовая электроника 
610 1 |a устройства 
610 1 |a исследования 
610 1 |a системный подход 
610 1 |a преобразователи тока 
610 1 |a параметры 
610 1 |a преобразования 
610 1 |a переменный ток 
610 1 |a постоянный ток 
610 1 |a выпрямители 
610 1 |a проектирование 
610 1 |a электромагнитная совместимость 
610 1 |a постоянное напряжение 
610 1 |a переменное напряжение 
610 1 |a автономные инверторы 
610 1 |a регуляторы 
610 1 |a преобразователи частоты 
610 1 |a вентильные преобразователи 
610 1 |a модифицированные схемы 
610 1 |a базовые схемы 
610 1 |a учебники 
675 |a 621.314.632(075.8)  |v 3 
700 1 |a Зиновьев  |b Г. С.  |g Геннадий Степанович 
801 1 |a RU  |b 63413507  |c 20031222  |g PSBO 
801 2 |a RU  |b 63413507  |c 20210114  |g PSBO 
900 |a Основы преобразовательной техники 
900 |a Силовые преобразователи энергии 
900 |a Электрооборудование промышленности 
900 |a Источники гарантированного и бесперебойного электропитания промышленных предприятий 
900 |a Силовые преобразователи в электроснабжении 
900 |a Силовые преобразователи в электроэнергетике 
900 |a Энергетическая электроника 
900 |a Модуляционные формирователи напряжения и тока 
942 |c BK 
959 |a 36/20070502  |d 10  |e 0  |f УФ:10